Geography containing FA-FZ - Statistics

General Stats
  • This quiz has been taken 13 times
  • The average score is 6 of 26
Answer Stats
Contains: Clue Answer % Correct
FA The Northern Irish capital (7 letters) Belfast
92%
FF The capital city of Wales (7) Cardiff
75%
FG Asian country (11) Afghanistan
67%
FR Continent (6) Africa
50%
FO Site of an ancient English university (6) Oxford
50%
FU Expression of wonder at beautiful Greek island (5) Corfu
42%
FT Geological depression running through Malawi and Ethiopia (10) Rift Valley
33%
FI Clue found in photos of Ian's holiday to Eastern Europe (5) Sofia
33%
FP Chasm on the left bank of Mississippi town (8) Gulfport
17%
FW Glasgow district so-named because it is equidistant from Blantyre and Cambuslang (7) Halfway
17%
FJ Roughen the edge of a sea inlet at Norwegian town (10) Sandefjord
17%
FH Aha - scuff hens at sheep house in Switzerland (12) Schaffhausen
17%
FN Computer image format held by a lock with no length, in Glasgow suburb (8) Giffnock
8%
FD Dutch city where horse's foot is given a reverse prod (9) Hoofddorp
8%
FK Luxembourg university in partnership with Texan city (6) Lufkin
8%
FC French town with nine castles (11) Neufchâteau
8%
FQ List of common questions returns in duplicate to a Jordanian town (7) Qafqafa
8%
FE Elf warhead explosion in Yorkshire valley (10) Wharfedale
8%
FY In a Turkish province on northern sea, an hour is a right time to spend (14) Afyonkarahisar
0%
FS Strange figures you leave in a German forest, by a northern bay (15) Bay of Greifswald
0%
FL Ivorian city where Duke in uniform is set upon by troublesome flea (7) Bouaflé
0%
FZ There are times it's hot, and a solution is to go back inside, before a first journey to this Albanian village (9) Xhafzotaj
0%
FM Dustin takes stimulant drug in America, a Chicago suburb (14) Hoffman Estates
0%
FB A fun rebuke to German town afflicted by shoplifting (10) Kaufbeuren
0%
FX Access road near Halifax, NS, whose name includes 21 in binary (19) Service Road HFX 101-01
0%
FV Ontario town of material containing nothing (11) Stouffville
0%
No matching quizzes found
Score Distribution
Percent of People with Each Score
Percentile by Number Answered
Your Score History
You have not taken this quiz